Statistics for Top 12 Denver Nuggets of All-Time

Click here to take the quiz!

General Stats

  • This quiz has been taken 136 times
    (124 since last reset)
  • The average score is 6 of 12

Answer Stats

#PlayerWin Shares% Correct
1Nikola Jokić100.8
97%
6Carmelo Anthony53.5
91%
3Alex English84.2
90%
10Dikembe Mutombo39.3
69%
4David Thompson56.8
63%
8Fat Lever47.9
60%
2Dan Issel94.8
59%
7Nenê51.1
37%
11Ty Lawson38.0
33%
9Bobby Jones40.3
27%
5Byron Beck55.0
17%
12Dave Robisch37.4
3%

Score Distribution

Percentile by Number Answered

Percent of People with Each Score

Your Score History

You have not taken this quiz since the last reset